000 00302nam a22001217a 4500
008 170817b xxu||||| |||| 00| 0 eng d
041 _aeng
080 _a311
100 _a36
101 _aMAT
245 _aELEMENTARY PROBALITY MODELS AND STATISTIKAL INFERENCE
_cCHAPMAN.D.G
942 _2udc
_cBK
999 _c23950
_d23950